[Event "Copenhagen KS"]
[Site "Copenhagen"]
[Date "1996.??.??"]
[Round "5"]
[White "Schandorff, Lars"]
[Black "Hellsten, Johan"]
[Result "0-1"]
[WhiteElo "2495"]
[BlackElo "2490"]
[Annotator "Kantsler,B"]
[PlyCount "50"]
[EventDate "1996.07.05"]
[EventType "tourn"]
[EventRounds "9"]
[EventCountry "DEN"]
[EventCategory "10"]
[SourceTitle "CBM 055"]
[Source "ChessBase"]
[SourceDate "1996.12.01"]
[SourceVersion "1"]
[SourceVersionDate "1996.12.01"]
[SourceQuality "1"]

1. d4 {Huebner} d5 2. c4 c6 3. Nf3 Nf6 4. Nc3 dxc4 5. a4 Bg4 6. Ne5 Bh5 7. f3
Nfd7 8. Nxc4 e5 9. Ne4 (9. g3 $5) 9... Bb4+ 10. Bd2 Qe7 11. Bxb4 Qxb4+ 12. Qd2
Qxd2+ 13. Kxd2 exd4 14. Ned6+ Kd8 $5 (14... Ke7 15. Nf5+ Kf6 16. Nxd4 Rd8 17.
e4 Nc5 18. Kc3 Rxd4 19. Kxd4 Nb3+ 20. Kc3 Nxa1 21. Be2 Ke7 22. Rxa1 Nd7 23. Rd1
$6 (23. b4 f6 24. Rd1 Nb6 (24... Rb8 25. Na5 Kd8 26. Nb3 Kc7 27. Bc4 $14 {
Shneider,A-Rublevsky,S/YUG(tch)/1995/}) 25. Na5 $1 Nxa4+ 26. Kb3 Nb6 27. Nxb7
Bf7+ 28. Kc3 $14 {Kramnik,V-Damljanovic,B/Moscow(olm)/1994/}) 23... Nc5 24. Kb4
Ne6 25. Nd6 c5+ 26. Kc4 Nd4 $5 $10 {Beliavsky,A-Rublevsky,S/YUG(tch)/1995/})
15. Nxb7+ (15. Nf5 $5 c5 16. e3 $44) 15... Kc7 16. Nba5 Na6 17. e4 (17. Nb3
Ndc5 $1 (17... c5 $6 18. e3 $13) 18. Ra3 (18. Nxd4 $2 Rhd8 19. Kc3 Rxd4 20.
Kxd4 Nb3+ 21. Kc3 Nxa1 $17) 18... Nxb3+ 19. Rxb3 Rab8 $15) 17... dxe3+ $1 18.
Nxe3 (18. Kxe3 $5 Rhe8+ 19. Kf2 $13) 18... Nb4 19. Kc3 $6 (19. Bc4 $5 {Huebner}
Ne5 20. Kc3 Rab8 21. Rhe1 Rhd8 $10 {Kishnev,S-Scho,C, Münster op 1993, EXT
93op.}) 19... Rhe8 $1 20. Nac4 $6 (20. Re1 Rxe3+ 21. Rxe3 Nd5+ 22. Kd2 Nxe3 23.
Kxe3 Rb8 24. b3 Nc5 25. Bc4 Kb6 (25... Rb4 26. Rc1 Kb6 27. Bf1 $1 f6 (27...
Nxb3 $4 28. Rxc6+ $1 Kxa5 29. Ra6#) 28. Nc4+ Kc7 29. Na5 $10) 26. b4 $8 Nxa4
27. Rc1 c5 28. Bb3 Re8+ $5 (28... cxb4 $2 29. Nc4+ Kb5 30. Nd6+ Ka5 31. Ra1 $16
) (28... Nb2 29. Rxc5 $10) (28... Kb5 29. Bc4+ Kb6 30. Bb3 $10) 29. Kd2 (29.
Kf2 $2 Nb2 $17) 29... Rd8+ 30. Ke3 cxb4 31. Nc4+ Kb5 32. Ra1 Nc5 (32... Re8+
33. Kd4 Rd8+ 34. Ke3) 33. Ra5+ Kc6 34. Ne5+ Kd6 35. Nc4+ $10) (20. Nf5 $5 {
Huebner}) 20... Rab8 $1 21. Bd3 (21. Be2 Nd5+ $19) 21... Nxd3 22. Kxd3 Nc5+ 23.
Ke2 (23. Kc2 Bg6+ $17) (23. Kc3 Rb3+ 24. Kd2 Rd3+ 25. Ke2 f5 $17) 23... f5 24.
Kf1 f4 25. Nd1 Nb3 (25... Nb3 26. Rb1 Bg6 $19) (25... Nb3 26. Ra3 Bg6 $19) 0-1

[Event "Poikovsky Karpov 15th"]
[Site "Poikovsky"]
[Date "2014.05.14"]
[Round "4"]
[White "Shirov, Alexei"]
[Black "Jakovenko, Dmitrij"]
[Result "1/2-1/2"]
[WhiteElo "2703"]
[BlackElo "2730"]
[Annotator "Krasenkow,M"]
[PlyCount "82"]
[EventDate "2014.05.11"]
[EventType "tourn"]
[EventRounds "9"]
[EventCountry "RUS"]
[EventCategory "18"]
[SourceTitle "CBM 161"]
[Source "ChessBase"]
[SourceDate "2014.07.16"]
[SourceVersion "1"]
[SourceVersionDate "2014.07.16"]
[SourceQuality "1"]

1. d4 d5 2. c4 c6 3. Nf3 Nf6 4. Nc3 dxc4 5. a4 e6 {This recently popular
system often transforms the Slav Defence into a "strange" Queen's Gambit
Accepted (with White's pawn on a4 instead of a2).} 6. e3 c5 7. Bxc4 cxd4 8.
exd4 Be7 9. O-O O-O 10. Qe2 Nc6 11. Rd1 Nd5 (11... Nb4 {is played more often.})
12. Qe4 {A typical position with an isolated central pawn. Besides the text
move, White has a lot of alternatives.} (12. Bd2) (12. Be3) (12. Bb3) (12. Bd3)
(12. Ne5) 12... Nf6 13. Qh4 (13. Qe2 Nd5 14. Qe4 {etc. - this way to fix a
draw by repetition has been seen in practice, too.}) 13... Nd5 $146 (13... Nb4
{, preventing Bc4-d3, is quite logical. Here are practical examples:} 14. Bg5 (
14. Qg3 $5 Kh8 15. Bg5 {, although Black confidently held on in the following
game:} Nfd5 16. Bxe7 Qxe7 17. Rac1 Nf6 18. Qe5 Nc6 19. Qf4 Nb4 20. Ne4 Nfd5 21.
Bxd5 Nxd5 22. Qd6 Qxd6 23. Nxd6 Kg8 24. Rd2 Rd8 25. Rdc2 Rxd6 26. Rxc8+ Rd8 $11
{1/2 (41) Ding,L (2680)-Jakovenko,D (2736) St Petersburg 2012}) 14... b6 $5 {
is probably more solid. Black obtained an excellent position after} (14... h6
15. Bd2 (15. Ne4 $5) 15... b6 $1 (15... Bd7 $2 16. Ne5 Bc6 17. Bxh6 $1 gxh6 18.
Qxh6 Nh7 19. Bd3 Nxd3 20. Rxd3 Bg5 {1/2 (60) Kulaots,K (2592)-Jakovenko,D 
(2726) Khanty-Mansiysk 2010} 21. Rg3 $1 Kh8 22. Qh5 Qf6 23. Nxc6 bxc6 24. Ne4
$18) 16. Ne5 Bb7 17. Bxh6 $1 gxh6 18. Qxh6 Nh7 19. Bd3 Nxd3 20. Rxd3 Bg5 21.
Qh5 (21. Rg3 Kh8 22. Qh5 Qf6 $13) 21... Qf6 22. Rh3 Qg7 23. Rg3 Rad8 $1 (23...
Rfd8 {1/2 (30) Grischuk,A (2756)-Karjakin,S (2725) Nice 2010} 24. h4 $1 Rxd4
25. Nf3 Bxf3 26. Qxf3 $16 {[%cal Rf3a8,Rh4g5]}) 24. Rd1 (24. h4 Rxd4) 24...
Rxd4 25. Rxd4 Qxe5 $13) 15. Bd3 $6 Nxd3 16. Rxd3 Ba6 17. Rd2 Bb7 18. d5 Bxd5
19. Nxd5 exd5 20. Nd4 Qd7 21. Rd3 Rfe8 22. Rh3 h5 23. Bxf6 Bxf6 24. Qxh5 g6 25.
Qh7+ Kf8 {1/2 (65) Anand,V (2811)-Howell,D (2633) London 2011}) {The text move
is more straightforward. Black asks White's queen to reveal its intentions.}
14. Qg3 Bd6 15. Qg4 {The queen tries to evade attacks by Black's pieces.} Re8 (
15... e5 {looks quite logical but White continues} 16. Qh5 $1 Nf6 (16... Nxc3
$2 17. Ng5) 17. Qh4 {, and Black has problems as the position opens up, and he
is behind in development, e.g.} Bg4 (17... exd4 18. Nxd4 {[%cal Gd1d8]}) 18.
dxe5 Nxe5 19. Nxe5 $1 Bxd1 20. Nxf7 Rxf7 21. Bxf7+ Kxf7 22. Qc4+ Kf8 (22... Kg6
23. Qd3+) 23. Nxd1 Bxh2+ 24. Kxh2 Qxd1 25. Be3 $1 Qd5 (25... Qxa1 $4 26. Bc5+
Ke8 27. Qe6+ Kd8 28. Be7+ Kc7 29. Qd6+ Kc8 30. Qd8#) 26. Rc1 {- in this
position White's bishop is much stronger than Black's knight.}) {However,
after the accurate text move Black's position remains very solid.} 16. Bg5 Be7
(16... f6 $5 {was a simpler way to solve Black's problems:} 17. Bh6 (17. Nxd5
$2 Bxh2+ 18. Nxh2 exd5) (17. Bh4 Ncb4) 17... Re7 {, and again White can't take
the pawn as after} 18. Nxd5 $2 exd5 19. Bxd5+ Kh8 {he loses a piece.}) 17. h4
Bd7 (17... f6 {again was better:} 18. Bh6 Bf8 {with a good defence.}) 18. Bd3
Ncb4 (18... g6 19. h5 $36) 19. Ne5 {[%mdl 128] White now gets attacking
chances.} Nxd3 (19... f5 {[%csl Ge5]}) 20. Rxd3 Bc6 21. Bh6 (21. Rg3 $142 g6
22. Nxd5 Bxd5 23. Bxe7 Qxe7 24. Qf4 $40 {[%cal Yh4h5]}) 21... g6 $2 {Black
should have avoided this weakening move as long as possible:} (21... Bf8 $1 22.
Rg3 Qf6 23. Bg5 $140 Qf5) 22. h5 $40 {White's attack becomes formidable.} Nf6
23. Qh3 (23. Qf4 $5 {[%cal Yd3g3]}) 23... Qd6 (23... Nxh5 24. Qxh5 $1 gxh5 25.
Rg3+ Bg5 26. Bxg5 $18) 24. Re1 $6 (24. Bf4 $142 $1 Qb4 (24... Nd5 25. hxg6 fxg6
26. Bh2) (24... Nxh5 25. Qxh5 gxh5 26. Rg3+ Bg5 27. Rxg5+ Kf8 28. Ng6+ hxg6 29.
Bxd6+ $18) 25. hxg6 hxg6 26. Nxc6 bxc6 27. Be5 $18 {[%cal Rd3f3]}) 24... Bf8
25. hxg6 ({To} 25. Bf4 Nxh5 {is already possible.}) 25... fxg6 (25... hxg6 $142
26. Bxf8 $140 Qxf8) 26. Rg3 $6 (26. Bxf8 $142 $1 Qxf8 (26... Kxf8 27. Qh6+ Kg8
28. Nxg6) 27. Nxc6 bxc6 28. Rxe6 {, just winning a pawn.}) 26... Bxh6 27. Qxh6
Qf8 28. Qh3 (28. Qh4 $1 {[%cal Re5g6]} Qg7 29. Nxc6 bxc6 30. Rge3 Qe7 31. Qh3 {
, and the e6-pawn falls after all.}) 28... Rac8 {Black consolidates his
position.} 29. Nxc6 (29. Nxg6 $2 hxg6 30. Rxg6+ Kf7) 29... Rxc6 30. Rge3 Qd6
31. Nb5 Qd7 32. Nxa7 Ra6 33. Nb5 Rxa4 34. Rxe6 {White wins the e6-pawn but now
it is just temporary.} Rxe6 35. Rxe6 $6 (35. Qxe6+ $142 Qxe6 36. Rxe6 Ng4 37.
Kf1 Rb4 38. Nc3 Rxd4 39. f3 Nh6 40. Rb6 {keeping a positional advantage in the
endgame but, fortunately for Black, not material:} Rd7 41. Ne4 Rc7 $1 42. Nd6
$6 (42. g4 $142 $14) 42... Rc6 $1 43. Rxc6 bxc6 {with a probable draw.}) 35...
Kg7 {It is now White who must consolidate his hanging and pinned pieces.} 36.
Rb6 (36. Na3 $142 Rxd4 37. Qc3 Rd1+ 38. Re1 $11) 36... Ng4 37. Na3 Rxd4 (37...
Qc8 $1 {would have forced White to find the only defence:} 38. Kf1 $1 (38. g3
$2 Rxd4 $19) 38... Rxd4 (38... Qc1+ 39. Ke2) 39. Qc3 $1 Qxc3 40. Rxb7+ Kf6 41.
bxc3 Rd2 $11) 38. Qc3 Kh6 39. Qc1+ Kg7 40. Qc3 Kh6 41. Qc1+ Kg7 1/2-1/2

[Event "Munich SKA"]
[Site "Munich"]
[Date "1993.??.??"]
[Round "1"]
[White "Lutz, Christopher"]
[Black "Lautier, Joel"]
[Result "1/2-1/2"]
[WhiteElo "2550"]
[BlackElo "2645"]
[Annotator "Lautier,J"]
[PlyCount "61"]
[EventDate "1993.05.??"]
[EventType "tourn"]
[EventRounds "11"]
[EventCountry "GER"]
[EventCategory "16"]
[SourceTitle "CBM 036"]
[Source "ChessBase"]
[SourceDate "1993.10.01"]
[SourceVersion "1"]
[SourceVersionDate "1993.10.01"]
[SourceQuality "1"]

1. d4 {Hertneck} d5 2. c4 c6 3. Nf3 Nf6 4. Nc3 dxc4 5. a4 Bg4 6. Ne5 Bh5 7. h3
Na6 8. g4 Bg6 9. e3 Nb4 10. Bxc4 Nd7 (10... e6 11. Nxg6 hxg6 12. g5 Nd7 13. f4
$14) 11. Nxg6 hxg6 12. a5 $5 $146 (12. Qf3 e6 13. Kf1 a5 14. Kg2 Be7 $10 {
Bareev-Lautier, Biel 1991}) (12. Qf3 {Hertneck}) 12... e6 13. Bd2 Be7 14. Kf1
$5 (14. Qb3 b5 $1 15. axb6 axb6 $10) 14... g5 $6 (14... O-O 15. h4 (15. Kg2 c5
$10) 15... b5 $1 (15... Bxh4 $6 16. Ne4 $1 Be7 (16... Nd5 17. g5 $1 Bxg5 18.
Nxg5 Qxg5 19. e4 Nf4 20. Qf3 e5 21. Bb3 $1 {followed by de5.}) 17. g5 {with a
powerful attack.}) (15... c5 $6 16. g5 $1 (16. h5 g5 $10) 16... cxd4 17. exd4
Rc8 18. Bb3 Re8 19. h5 Nf8 (19... Bxg5 $2 20. hxg6 fxg6 21. Qg4 $18) 20. hxg6
Nxg6 (20... fxg6 21. Qg4 Bd6 22. Ne4) 21. Qh5 Bd6 (21... Qxd4 $2 22. Qxg6 $1
$18) 22. Ne4) 16. axb6 (16. Bb3 c5 $132) 16... Nxb6 17. Bb3 c5 18. dxc5 Bxc5
$10) 15. Ne2 $6 (15. Qb3 $1 b5 (15... Ne5 $6 16. Be2 Ng6 (16... c5 17. dxe5
Qxd2 18. Rd1 Qc2 19. Bb5+ Kf8 20. Qxc2 Nxc2 21. Rd7 $16) 17. Ne4 $16) (15... c5
16. Ne4 $1 $14 (16. d5 Ne5 $1 $10)) 16. axb6 axb6 17. Kg2 $14) 15... b5 $1 16.
axb6 Nxb6 $1 (16... axb6 {Hertneck} 17. Rxa8 Qxa8 18. e4 $14) 17. Bb3 (17. b3
O-O 18. Ng3 c5 $10) 17... a5 (17... c5 $6 18. Rc1 $1 cxd4 (18... Nd3 $6 19. Rc3
Nxb2 20. Qc2 c4 21. Ba2 $1 N2a4 22. Rxc4 $1 $16) 19. Nxd4 $14) 18. Ng3 (18. Kg2
{Hertneck}) 18... c5 19. dxc5 Bxc5 20. Bc3 O-O 21. Ne4 (21. Kg2 Qe7 $5 {Lutz})
21... Be7 22. Qd4 Qxd4 23. Bxd4 Rfb8 24. Ke2 {/\ Rhc1+/=} (24. Be5 Rb7 25. Nd6
$2 Bxd6 26. Bxd6 Nd3 $1 $17 {/\ Nc8}) 24... Nc6 $1 25. Bc3 Nd5 26. Bxd5 exd5
27. Nd2 Bb4 28. Rhc1 Ra6 29. Bxb4 Rxb4 30. b3 Rb5 31. Ra4 (31. Ra4 f6 32. Rc3 {
with the plan Nf3-d4} Rab6 $1 $10 {followed by Kf7-e6}) 1/2-1/2

[Event "Anzio op"]
[Site "Anzio"]
[Date "1994.??.??"]
[Round "?"]
[White "Legky, Nikolay A"]
[Black "Kutirov, Rolando"]
[Result "1-0"]
[WhiteElo "2510"]
[BlackElo "2330"]
[Annotator "Legky,N"]
[PlyCount "111"]
[EventDate "1994.??.??"]
[EventType "swiss"]
[EventRounds "7"]
[EventCountry "ITA"]
[SourceTitle "CBM 044"]
[Source "ChessBase"]
[SourceDate "1995.02.01"]
[SourceVersion "1"]
[SourceVersionDate "1995.02.01"]
[SourceQuality "1"]

1. d4 d5 2. c4 c6 3. Nf3 Nf6 4. Nc3 dxc4 5. a4 Bg4 6. Ne5 Bh5 7. f3 Nfd7 8. g4
$5 (8. Nxc4 $5) 8... Nxe5 9. dxe5 (9. gxh5 Ned7 10. e4 $13) 9... Qxd1+ 10. Nxd1
Bg6 11. Ne3 (11. e4 $32 e6 12. Bxc4 Nd7 13. Bf4 Bc5 14. Nf2 $14) 11... e6 12.
Nxc4 Nd7 13. e4 f6 $1 $10 14. exf6 gxf6 15. Be3 Bb4+ 16. Kf2 Ke7 17. Be2 Rhd8
$6 18. e5 $1 Bc5 19. exf6+ Kxf6 $14 20. Na5 $2 (20. Rhd1 $14) 20... Bxe3+ 21.
Kxe3 Nb6 $1 22. Nxb7 $6 Nd5+ 23. Kf2 Rdb8 24. Na5 Rxb2 25. Nc4 Rab8 $1 26. Nxb2
Rxb2 27. Ra3 Nf4 28. Re3 Nd5 $2 (28... Bd3 $1 29. Rxd3 Rxe2+ $1 30. Kf1 Rc2 $17
) 29. Rc1 Nxe3 30. Kxe3 $14 Bc2 31. a5 Ba4 32. f4 Bb5 33. g5+ Kf7 $6 (33... Kg6
$5) 34. Bh5+ Ke7 35. h4 Ra2 36. Bf3 Ra3+ 37. Kf2 Rxa5 38. Bxc6 Ra2+ $2 (38...
Bxc6 39. Rxc6 Kd7 $14) 39. Kf3 Ra3+ 40. Ke4 Bd3+ 41. Kd4 Bg6 42. Bb5 Kd8 $6 (
42... Rf3 $1 43. Rc7+ Kd8 44. Rd7+ Kc8 45. Rxa7 Rxf4+ $16) 43. Rh1 $6 Rf3 $1
44. Rf1 $1 Rh3 $6 (44... Rxf1 45. Bxf1 a5 $1 $16) 45. Ra1 Rf3 46. Ke5 Kc7 47.
Ra4 Kb6 48. Bd7 Re3+ 49. Kf6 Bf5 50. h5 $18 a5 51. g6 hxg6 52. hxg6 Rg3 53. g7
Kc7 54. Be8 Kb6 55. Bf7 Bc2 56. Ra3 1-0

[Event "Dortmund SuperGM 41st"]
[Site "Dortmund"]
[Date "2013.07.28"]
[Round "3"]
[White "Kramnik, Vladimir"]
[Black "Khenkin, Igor"]
[Result "1/2-1/2"]
[WhiteElo "2784"]
[BlackElo "2605"]
[Annotator "Marin,M"]
[PlyCount "94"]
[EventDate "2013.07.26"]
[EventType "tourn"]
[EventRounds "9"]
[EventCountry "GER"]
[EventCategory "19"]
[SourceTitle "CBM 156"]
[Source "ChessBase"]
[SourceDate "2013.09.17"]
[SourceVersion "1"]
[SourceVersionDate "2013.09.17"]
[SourceQuality "1"]

1. d4 d5 2. c4 c6 ({When I saw Kramnik's 9th move, I remembered the following
classical game:} 2... dxc4 3. Nf3 Nf6 4. e3 e6 5. Bxc4 c5 6. O-O a6 7. a4 Nc6
8. Nc3 cxd4 9. Nxd4 $5 (9. exd4 {is the normal move.}) 9... Nxd4 (9... Bd7 $1)
10. exd4 Be7 11. d5 {Tartakower must have underestimated the significance of
White's advance in development after this move.} exd5 12. Nxd5 Nxd5 13. Bxd5
O-O 14. Qf3 Bd6 15. Re1 Qh4 16. h3 Qb4 17. Rd1 Rb8 18. b3 {Black has no
acceptable way to complete his development.} Be6 19. Bxe6 (19. Ba3 Qb6 20. a5
Qc7 21. Bxd6 Qxd6 22. Bxb7 Qc5 23. Bxa6 $18) 19... fxe6 20. Qe2 $16 {
Rubinstein,A-Tartakower,S/Marienbad 1925/HCL (1-0, 48)}) 3. Nf3 Nf6 4. Nc3 dxc4
5. a4 e6 {This has been played occasionally in older times, but in recent
tournament practice it became popular after Kramnik used it in his match
against Leko in 2004.} 6. e3 c5 7. Bxc4 Nc6 8. O-O cxd4 9. Nxd4 $5 (9. exd4 {
is the main line, with possible transposition to Kramnik's other game with
this line from this same tournament, against Wang Hao.}) 9... Bd7 (9... Nxd4
10. exd4 Be7 (10... Bd6 11. Bg5 O-O 12. Qf3 {Sandipan,C (2588)-Ernst,S (2581)/
Vlissingen 2008/CBM 125 Extra (1-0, 28)}) 11. Be3 O-O 12. Qf3 Qc7 13. b3 Bd7
14. Rac1 Ba3 15. Rcd1 Bc6 16. d5 $36 {Gupta,A (2612)-Dubov,D (2614)/Moscow
2013/CBM 152 Extra (1/2, 40)}) 10. e4 Bb4 (10... Nxd4 11. Qxd4 Bc6 12. Qe3 Qb8
13. e5 Nd7 14. Qg3 $14 {Gyimesi,Z (2584)-Lipka,J (2409)/Jenbach 2009/ (1-0, 34)
}) (10... Be7 11. Be3 (11. Nf3 $5 {[%cal Ge4e5]}) 11... O-O 12. Nb3 Na5 13. Be2
Bc6 14. Qxd8 Bxd8 $11 {L'Ami,E (2628)-Giri,A (2686)/Wijk aan Zee 2011/CBM 141 
(1/2, 58)}) 11. Bf4 $146 {A normal developing move, which may not be the best.}
(11. Nf3 Qa5 12. Qe2 O-O 13. e5 Nd5 14. Ne4 $36 {Berkes,F (2651)-Zatonskih,A 
(2462)/Gibraltar 2009/CBM 128 Extra (1-0, 36)}) 11... O-O (11... Nxd4 12. Qxd4
Bc6 $6 (12... O-O 13. e5 {transposes to the game.}) 13. Bd5 $1 a5 (13... exd5
14. Qxb4 dxe4 15. Rad1 Qb6 16. Qd6 Qd8 17. Qe5+ Qe7 18. Qd4 $16 {[%cal Gf4d6]})
14. Bxc6+ bxc6 15. Rfd1 $14) 12. e5 $6 {Something must have gone wrong with
Kramnik's preparation, unless it had all been over the board inspiration. He
should have maintained the tension in some way or another.} (12. Ndb5 $5) (12.
Nf3 Bxc3 13. bxc3 Nxe4 14. Qc2 $44) 12... Nxd4 13. Qxd4 Bc6 $1 {An elegant
solution to Black's concrete problems, based on the hanging position of the
white bishops.} 14. Qxd8 {Going all the way to a somewhat unpleasant ending.} (
14. Be3 $5) 14... Rfxd8 15. exf6 Rd4 16. Be5 (16. Bxe6 Rxf4 (16... fxe6 17. Be5
Bxc3 18. bxc3 Re4 19. Rfe1 $11) 17. Bb3 Rxf6 18. Rad1 {[%cal Gb3d5] may lead
closer to equality than the game continuation.}) 16... Rxc4 17. fxg7 Be7 $15 {
The g7-pawn does not count, the white queenside is weak and the c6-bishop is
very strong.} 18. Rfd1 f6 $6 {This allows White to exchange all the minor
pieces, with an easy draw.} (18... Rb4 $5 $15) 19. Bd6 Re8 20. Nb5 Bxb5 21.
axb5 Bxd6 22. Rxd6 $11 {There is not much to be played for now, but the game
lasted for quite a while still.} Re7 23. g3 Rb4 24. Rxa7 Rxb5 25. Ra4 f5 26.
Rd2 Kxg7 27. Rc4 e5 28. b4 e4 29. Rd6 f4 30. gxf4 Rf5 31. Rcd4 Rxf4 32. Rd7
Rff7 33. Rxe7 Rxe7 34. Kf1 e3 35. f3 e2+ 36. Ke1 Re3 37. Rd7+ Kg6 38. Rxb7 Rxf3
39. Rb6+ Kg5 40. Rb5+ Kg4 41. Rb7 Rh3 42. Rg7+ Kf5 43. b5 Rxh2 44. b6 Rh1+ 45.
Kxe2 Rb1 46. Rb7 Ke5 47. Rxh7 Rxb6 1/2-1/2